| 000 | 00817nam a2200241 u 4500 | ||
|---|---|---|---|
| 005 | 20241114063736.0 | ||
| 008 | 140408s2000 mx r 000 0 spa d | ||
| 020 | _a9280637002 | ||
| 035 | _aUPN01000196909 | ||
| 049 | _aCG | ||
| 050 | 4 |
_aHQ792 M6 _bA3.2 |
|
| 100 | 1 |
_aAguirre Reveles, Rodolfo _942126 |
|
| 245 | 1 | 3 |
_aLa condición de la niñez mexicana en los años del ajuste / _cRodolfo Aguirre Reveles. |
| 260 |
_aMéxico : _bUNICEF, _c2000. |
||
| 300 |
_a130 p. : _bgráfs., cuadros |
||
| 440 | 0 | _aPrimero los niños | |
| 500 | _aEn la portada dice: "Ejercicio CASA SAPRIN México" | ||
| 650 | 4 |
_aNiños _zMéxico _xCondiciones sociales _915783 |
|
| 650 | 4 |
_aNIÑOS - _xPOLITICA GUBERNAMENTAL - _zMEXICO _926997 |
|
| 650 | 4 |
_aDerechos de los niños _zMéxico _914272 |
|
| 905 | _aLibro | ||
| 999 |
_c169010 _d169010 |
||